[Event "Wch FIDE Online U12 Girls"]
[Site "Tornelo INT"]
[Date "2020.12.19"]
[Round "1.1"]
[White "Lee, Alice"]
[Black "Unurzul, Davaakhuu"]
[Result "1-0"]
[WhiteElo "1967"]
[BlackElo "1462"]
[PlyCount "83"]
[EventDate "2020.12.19"]
[EventType "k.o. (rapid)"]
[EventRounds "4"]
[EventCountry "ISS"]
[SourceTitle "EXT 2022"]
[Source "ChessBase"]
[SourceDate "2021.10.06"]
[SourceVersion "1"]
[SourceVersionDate "2021.10.06"]
[SourceQuality "1"]

1. d4 Nf6 2. c4 g6 3. Nc3 d5 4. Nf3 Bg7 5. Qb3 c6 6. cxd5 Nxd5 7. e4 Nxc3 8. bxc3 0-0 9. Be2 Nd7 10. 0-0 Nb6 11. Bf4 Be6 12. Qc2 f5 13. Ng5 Qd7 14. Nxe6 Qxe6 15. e5 Nd5 16. Bd2 c5 17. f4 cxd4 18. cxd4 Qb6 19. Qc4 e6 20. Rab1 Qd8 21. Bf3 Rc8 22. Qb3 b6 23. Bxd5 exd5 24. Rbc1 Qd7 25. Bb4 Rfd8 26. Bd6 Rc6 27. Qxd5+ Kh8 28. Qxc6 Qe6 29. Bc7 Qxc6 30. Rxc6 Rxd4 31. Bxb6 axb6 32. Rc8+ Bf8 33. Rxf8+ Kg7 34. Rb8 Rb4 35. e6 Kf6 36. Re1 Ke7 37. Rb7+ Ke8 38. e7 Re4 39. Rxe4 fxe4 40. Kf2 b5 41. Ke3 b4 42. Kxe4 1-0

[Event "Wch FIDE Online U12 Girls Asia qual"]
[Site "Tornelo INT"]
[Date "2020.12.13"]
[Round "6"]
[White "Unurzul, Davaakhuu"]
[Black "Enkhrii, Enkh Amgalan"]
[Result "1-0"]
[WhiteElo "1462"]
[BlackElo "1421"]
[PlyCount "149"]
[EventDate "2020.12.11"]
[EventType "swiss (rapid)"]
[EventRounds "7"]
[EventCountry "ISS"]
[SourceTitle "EXT 2022"]
[Source "ChessBase"]
[SourceDate "2021.10.06"]
[SourceVersion "1"]
[SourceVersionDate "2021.10.06"]
[SourceQuality "1"]

1. e4 d5 2. exd5 Qxd5 3. Nf3 Bg4 4. Be2 e5 5. Nc3 Qd6 6. d3 c6 7. Be3 Nf6 8. 0-0 Nbd7 9. h3 Bxf3 10. Bxf3 Be7 11. Ne4 Qc7 12. c3 Nd5 13. d4 f5 14. Nc5 Nxc5 15. Bxd5 cxd5 16. dxc5 f4 17. Bc1 Rd8 18. b4 0-0 19. f3 e4 20. fxe4 dxe4 21. Qb3+ Kh8 22. Qe6 e3 23. c4 Bf6 24. Rb1 Rde8 25. Qg4 Bd4 26. Bb2 Bxb2 27. Rxb2 Qe5 28. Re2 Rd8 29. Qf3 h6 30. Qxb7 Rd2 31. Qf3 Qb2 32. Rfe1 Rfd8 33. c6 Qe5 34. b5 R8d4 35. a4 Rxe2 36. Qxe2 Qc5 37. Kh1 Rxc4 38. Rd1 Rc1 39. Rxc1 Qxc1+ 40. Kh2 Qd2 41. Qxd2 exd2 42. c7 d1Q 43. c8Q+ Kh7 44. Qf5+ Kg8 45. Qxf4 Qd7 46. Qc4+ Kf8 47. Qc5+ Ke8 48. Qc6 Qxc6 49. bxc6 Kd8 50. Kg3 Kc7 51. Kg4 Kxc6 52. Kh5 Kc5 53. Kg6 Kb4 54. Kxg7 Kxa4 55. Kxh6 Kb4 56. g4 a5 57. g5 a4 58. g6 a3 59. g7 a2 60. g8Q a1Q 61. Qb8+ Kc5 62. Qc7+ Kd5 63. Qd7+ Kc5 64. Qe7+ Kb5 65. Qg5+ Kc6 66. h4 Qh8+ 67. Kg6 Qe8+ 68. Kh7 Qd7+ 69. Kh6 Kb6 70. h5 Kc6 71. Qg7 Qd2+ 72. Kh7 Qd8 73. h6 Kd5 74. Qg8+ Qxg8+ 75. Kxg8 1-0

[Event "Wch FIDE Online U12 Girls Asia qual"]
[Site "Tornelo INT"]
[Date "2020.12.12"]
[Round "5"]
[White "Unurzul, Davaakhuu"]
[Black "Mashhadi, Fatemeh"]
[Result "1-0"]
[WhiteElo "1462"]
[BlackElo "1627"]
[PlyCount "191"]
[EventDate "2020.12.11"]
[EventType "swiss (rapid)"]
[EventRounds "7"]
[EventCountry "ISS"]
[SourceTitle "EXT 2022"]
[Source "ChessBase"]
[SourceDate "2021.10.06"]
[SourceVersion "1"]
[SourceVersionDate "2021.10.06"]
[SourceQuality "1"]

1. e4 c6 2. d4 d5 3. Nd2 dxe4 4. Nxe4 Nd7 5. Nf3 Ngf6 6. Bd3 Nxe4 7. Bxe4 Nf6 8. Bd3 Bg4 9. Be3 e6 10. 0-0 Bd6 11. h3 Bh5 12. Be2 0-0 13. c4 c5 14. dxc5 Be7 15. Qb3 Qc7 16. Nd4 Bxe2 17. Nxe2 Bxc5 18. Bf4 Qc6 19. Rad1 Rac8 20. Qc2 a6 21. Be5 Nd7 22. Bc3 b5 23. cxb5 Qxb5 24. a4 Qc6 25. Qd2 Nb6 26. Qg5 f6 27. Qg4 Nxa4 28. Bd4 e5 29. Bxc5 Nxc5 30. Rc1 Qb7 31. Ng3 Kh8 32. Nf5 g6 33. Nd6 f5 34. Nxb7 fxg4 35. Nxc5 gxh3 36. gxh3 a5 37. Nb7 Rb8 38. Rc7 a4 39. Ra1 Ra8 40. Nc5 Rfb8 41. Rxa4 Rxa4 42. Nxa4 Rb4 43. Ra7 Kg8 44. Kg2 Kf8 45. Kf3 Ke8 46. Ke3 Kd8 47. Kd3 Kc8 48. Kc3 Rh4 49. Nb6+ Kd8 50. Rd7+ Ke8 51. Rd5 Rxh3+ 52. Kc2 Rh5 53. Nc4 Rh2 54. Rxe5+ Kf7 55. Re2 h5 56. Ne3 h4 57. Kd3 Rh1 58. Ng4 g5 59. Ke4 h3 60. Kf5 h2 61. f3 Kg7 62. Rxh2 Rf1 63. Ne5 Rg1 64. Rh5 Kf8 65. Rxg5 Rb1 66. Rg2 Ke7 67. f4 Kd6 68. Kf6 Rf1 69. f5 Re1 70. Rd2+ Kc7 71. Ng6 Rf1 72. b4 Kb6 73. Ke6 Kb5 74. f6 Re1+ 75. Kd7 Kxb4 76. f7 Rf1 77. f8Q+ Rxf8 78. Nxf8 Kc3 79. Rh2 Kd4 80. Kd6 Ke4 81. Rh5 Kd4 82. Re5 Kc4 83. Rd5 Kc3 84. Kc5 Kb3 85. Rd4 Kc3 86. Ne6 Kb3 87. Rc4 Kb2 88. Kb4 Ka2 89. Rc3 Kb2 90. Nd4 Ka2 91. Rb3 Ka1 92. Rh3 Ka2 93. Rh2+ Kb1 94. Kc3 Ka1 95. Nb3+ Kb1 96. Rb2# 1-0

[Event "Eastern Asia-ch zt 3.3 (Women)"]
[Site "Ulaanbaatar"]
[Date "2019.04.11"]
[Round "5"]
[White "Unurzul, Davaakhuu"]
[Black "Enkhnasan, Namjiljav"]
[Result "1-0"]
[WhiteElo "1378"]
[BlackElo "1610"]
[PlyCount "107"]
[EventDate "2019.04.07"]
[EventType "swiss"]
[EventRounds "9"]
[EventCountry "MGL"]
[SourceTitle "CBM 189 Extra"]
[Source "ChessBase"]
[SourceDate "2019.06.03"]
[SourceVersion "1"]
[SourceVersionDate "2019.06.03"]
[SourceQuality "1"]

1. e4 c6 2. Nf3 d5 3. exd5 cxd5 4. d4 h6 5. Nc3 Nf6 6. Bb5+ Bd7 7. Bxd7+ Nbxd7 8. 0-0 e6 9. Bf4 a6 10. a3 Be7 11. h3 0-0 12. Bg3 Rc8 13. Qe2 Qb6 14. Na4 Qc6 15. Nc3 Ne4 16. Nxe4 dxe4 17. Ne5 Nxe5 18. Bxe5 f5 19. c3 Bd6 20. Bxd6 Qxd6 21. Rad1 Qc6 22. Rfe1 Rf6 23. Qe3 Rg6 24. Qf4 Rf8 25. Qe5 Kh7 26. d5 exd5 27. Rxd5 Qb6 28. Qe7 Rff6 29. Qb4 Qxb4 30. axb4 b5 31. Red1 f4 32. Re1 Re6 33. Rd4 f3 34. g4 h5 35. Rexe4 Rxe4 36. Rxe4 hxg4 37. Rxg4 Rf6 38. Kh2 Kh6 39. Kg3 g5 40. h4 gxh4+ 41. Rxh4+ Kg5 42. Rg4+ Kh5 43. Rf4 Rd6 44. Rxf3 Kg5 45. Re3 Kf5 46. Kf3 Rd2 47. Re2 Rd3+ 48. Kg2 Kf6 49. f3 Rd8 50. Kg3 Rg8+ 51. Kf4 Rh8 52. Rd2 Ke6 53. Ke4 Ke7 54. f4 1-0

[Event "Eastern Asia-ch zt 3.3 (Women)"]
[Site "Ulaanbaatar"]
[Date "2019.04.09"]
[Round "3"]
[White "Mendoza, Shania Mae"]
[Black "Unurzul, Davaakhuu"]
[Result "1/2-1/2"]
[WhiteElo "2156"]
[BlackElo "1378"]
[PlyCount "132"]
[EventDate "2019.04.07"]
[EventType "swiss"]
[EventRounds "9"]
[EventCountry "MGL"]
[SourceTitle "CBM 189 Extra"]
[Source "ChessBase"]
[SourceDate "2019.06.03"]
[SourceVersion "1"]
[SourceVersionDate "2019.06.03"]
[SourceQuality "1"]

1. e4 e5 2. Nf3 Nc6 3. Bc4 Bc5 4. c3 Nf6 5. d4 exd4 6. cxd4 Bb4+ 7. Nc3 Nxe4 8. 0-0 Bxc3 9. d5 Bf6 10. Re1 0-0 11. Rxe4 Na5 12. Bd3 b6 13. Rb1 Nb7 14. Bc2 Nc5 15. Re1 d6 16. b4 Nd7 17. Bf4 Re8 18. Qd2 Ne5 19. Nd4 Bb7 20. Ba4 Rf8 21. Bb3 Qd7 22. Rbc1 Ng6 23. Be3 Nh4 24. h3 Nf5 25. Nxf5 Qxf5 26. Rxc7 Ba6 27. Bc2 Qh5 28. Bf4 Rfd8 29. a4 Rac8 30. Rxc8 Rxc8 31. b5 Bb7 32. Bb3 g6 33. Rc1 Be5 34. Bxe5 Qxe5 35. Re1 Qf6 36. Kh2 Rc3 37. Ba2 Kg7 38. Re4 Bc8 39. Rd4 Rc5 40. Bb1 Bf5 41. Be4 Bxe4 42. Rxe4 Qf5 43. Re7 Rxd5 44. Qb2+ Qf6 45. Qxf6+ Kxf6 46. Rxa7 Rd4 47. Kg3 h5 48. Kf3 Ke6 49. Ke3 Rc4 50. Ra6 Ke5 51. a5 bxa5 52. b6 Rb4 53. Rxa5+ d5 54. f4+ Kd6 55. Ra7 Rxb6 56. Rxf7 Ke6 57. Rg7 Kf5 58. Rf7+ Ke6 59. Rf8 Rb3+ 60. Kd4 Rg3 61. Re8+ Kf5 62. Re2 Kxf4 63. Kxd5 Rg5+ 64. Ke6 Rf5 65. Rf2+ Kg5 66. Rd2 Kh4 1/2-1/2

[Event "Asia-ch U20 Girls"]
[Site "Ulaanbaatar"]
[Date "2018.08.21"]
[Round "4"]
[White "Unurzul, Davaakhuu"]
[Black "Anandpara, Jayendra Saloni"]
[Result "1-0"]
[WhiteElo "1352"]
[BlackElo "1346"]
[PlyCount "61"]
[EventDate "2018.08.19"]
[EventType "swiss"]
[EventRounds "9"]
[EventCountry "MGL"]
[SourceTitle "CBM 186 Extra"]
[Source "ChessBase"]
[SourceDate "2018.08.24"]
[SourceVersion "1"]
[SourceVersionDate "2018.08.24"]
[SourceQuality "1"]

1. e4 c5 2. Nf3 d6 3. d4 cxd4 4. Nxd4 Nf6 5. Nc3 a6 6. Be3 e5 7. Nb3 Be6 8. Bd3 Be7 9. 0-0 0-0 10. h3 Nbd7 11. f4 exf4 12. Bxf4 b5 13. Kh1 Ne5 14. Nd4 Ng6 15. Be3 Qd7 16. Kh2 d5 17. Nxe6 Qxe6 18. Bd4 dxe4 19. Bxf6 Bxf6 20. Nxe4 Bxb2 21. Rb1 Qxa2 22. Qh5 h6 23. c3 Qa3 24. Bc2 Rac8 25. Rf3 Bxc3 26. Kh1 Qa5 27. Nd6 Ne5 28. Nxc8 Nxf3 29. Ne7+ Kh8 30. Qxf3 Bf6 31. Qf5 1-0

[Event "Asia-ch U20 Girls"]
[Site "Ulaanbaatar"]
[Date "2018.08.19"]
[Round "1"]
[White "Nomindalai, Tumurbaatar"]
[Black "Unurzul, Davaakhuu"]
[Result "1-0"]
[WhiteElo "1877"]
[BlackElo "1352"]
[PlyCount "53"]
[EventDate "2018.08.19"]
[EventType "swiss"]
[EventRounds "9"]
[EventCountry "MGL"]
[SourceTitle "CBM 186 Extra"]
[Source "ChessBase"]
[SourceDate "2018.08.24"]
[SourceVersion "1"]
[SourceVersionDate "2018.08.24"]
[SourceQuality "1"]

1. d4 Nf6 2. Bg5 e6 3. e4 Be7 4. Nd2 d6 5. Ngf3 0-0 6. Bd3 h6 7. Bh4 Nc6 8. c3 a6 9. 0-0 Nd7 10. Bxe7 Nxe7 11. Nc4 d5 12. exd5 exd5 13. Ne3 Nf6 14. Ne5 Re8 15. Bc2 Nd7 16. Qd3 Nxe5 17. Qh7+ Kf8 18. dxe5 Ng8 19. f4 c6 20. Rf3 f6 21. Rg3 Qc7 22. Qh8 b6 23. exf6 Ra7 24. Bh7 Be6 25. Rxg7 Bf7 26. Rxg8+ Bxg8 27. Qxg8# 1-0

[Event "Wch U08 Girls"]
[Site "Batumi"]
[Date "2016.10.29"]
[Round "10"]
[White "Unurzul, Davaakhuu"]
[Black "Vlasova, Olesia"]
[Result "1/2-1/2"]
[WhiteElo "1488"]
[BlackElo "1397"]
[PlyCount "165"]
[EventDate "2016.10.19"]
[EventType "swiss"]
[EventRounds "11"]
[EventCountry "GEO"]
[SourceTitle "CBM 175 Extra"]
[Source "ChessBase"]
[SourceDate "2016.12.12"]
[SourceVersion "1"]
[SourceVersionDate "2016.12.12"]
[SourceQuality "1"]

1. g3 Nf6 2. Bg2 g6 3. Nf3 Bg7 4. 0-0 0-0 5. Nc3 d6 6. h3 e5 7. e3 Nbd7 8. d3 a5 9. Bd2 Nc5 10. Nh2 Rb8 11. d4 exd4 12. exd4 Ne6 13. Be3 b6 14. a3 Bb7 15. d5 Nc5 16. Qd2 Re8 17. Rab1 Qd7 18. Rfe1 Ba6 19. Bh6 Bb7 20. Bxg7 Kxg7 21. Qd4 Rxe1+ 22. Rxe1 Re8 23. Rxe8 Qxe8 24. Ng4 Qe7 25. Nb5 Na6 26. Nxf6 Qxf6 27. c4 Qxd4 28. Nxd4 Kf6 29. f4 Nc5 30. b3 Ba6 31. a4 Bc8 32. Kf2 Bd7 33. g4 Bc8 34. Kg3 Bd7 35. h4 Bc8 36. Bh3 Kg7 37. g5 Bxh3 38. Kxh3 f5 39. Kg2 Kf7 40. Kf3 Ke8 41. Kg2 Kf7 42. Kf3 Ke8 43. Ke3 Kd7 44. Kd2 Ke8 45. Kc2 Kd7 46. Kd1 Ke8 47. Ke2 Kf7 48. Kf3 Ke8 49. Kg2 Kd7 50. Kf3 Ke8 51. Ke2 Kd7 52. Kd1 Ke8 53. Kc2 Kd7 54. Kc3 Ne4+ 55. Kd3 Nc5+ 56. Kc2 Ke8 57. Nb5 Kd7 58. Na7 Na6 59. Kc1 Nb4 60. Kd2 Na6 61. Nc6 Nb4 62. Nxb4 axb4 63. Kd3 c5 64. dxc6+ Kxc6 65. Kd4 Kc7 66. Kd3 Kc6 67. Ke3 Kc5 68. Kd3 Kc6 69. Kd4 Kc7 70. Kd5 Kd7 71. c5 bxc5 72. a5 Kc7 73. a6 Kb6 74. Kxd6 c4 75. bxc4 b3 76. c5+ Ka7 77. c6 b2 78. c7 b1Q 79. c8Q Qd3+ 80. Ke6 Qe4+ 81. Kf7 Qd5+ 82. Kg7 Qd4+ 83. Kxh7 1/2-1/2

[Event "Wch U08 Girls"]
[Site "Batumi"]
[Date "2016.10.20"]
[Round "2"]
[White "Nguyen, Thu An"]
[Black "Unurzul, Davaakhuu"]
[Result "0-1"]
[WhiteElo "1040"]
[BlackElo "1488"]
[PlyCount "36"]
[EventDate "2016.10.19"]
[EventType "swiss"]
[EventRounds "11"]
[EventCountry "GEO"]
[SourceTitle "CBM 175 Extra"]
[Source "ChessBase"]
[SourceDate "2016.12.12"]
[SourceVersion "1"]
[SourceVersionDate "2016.12.12"]
[SourceQuality "1"]

1. e4 e5 2. Bc4 Bc5 3. d3 d6 4. Nc3 Nc6 5. Na4 Nf6 6. Nxc5 dxc5 7. c3 Bg4 8. Qb3 Qd7 9. Qb5 Bh5 10. Qxc5 Qg4 11. Nf3 Qxg2 12. Bxf7+ Kxf7 13. Ng5+ Ke8 14. Rf1 Qg4 15. f3 Qh4+ 16. Rf2 Rd8 17. Qe3 Rd6 18. Kf1 h6 0-1